00482pab a2200169 454500008004000000100002400040245010300064260000900167300001600176362000800192650001800200650001400218650002100232700002200253700001900275773001800294180718b2007 xxu||||| |||| 00| 0 eng d aFaggian, Alessandra aHuman capital, higher education and graduate migration: an analysis of Scottish and Welsh students c2007 ap.2511-528. aDec aHuman capital aMigration aHigher education aSheppard, Stephen aMcCann, Philip aUrban Studies